MARC

LEADER 00000nam0a2200000 4500
001 19703
005 20231101205310.0
010 |a 5010038811 
035 |a (RuTPU)RU\TPU\book\19871 
035 |a BOOK00019942 
090 |a 19703 
100 |a 20011209d1993 k y0rusy50 ca 
101 1 |a rus  |c eng 
102 |a RU 
105 |a y z 000zy 
200 1 |a Нищета историзма  |e пер. с англ.  |f К. Р. Поппер 
210 |a Москва  |c Прогресс  |d 1993 
215 |a 187 с. 
225 1 |a Библиотека журнала "Путь" 
606 1 |a Английская философия  |x История  |z II пол. XIX-XX вв.  |2 stltpush  |3 (RuTPU)RU\TPU\subj\29046  |9 52458 
610 1 |a философия 
610 1 |a история 
610 1 |a историзм 
686 |a Ю3(0)6-63/68  |v LBC/SL-A  |2 rubbk 
686 |a Ю3(4Вл)6  |v LBC/SL-A  |2 rubbk 
700 1 |a Поппер  |b К. Р.  |c британский философ австрийского происхождения  |c логик  |c социолог  |f 1902-1994  |g Карл Раймунд  |2 stltpush  |3 (RuTPU)RU\TPU\pers\227  |9 115 
801 0 |a RU  |b 63413507  |c 20011209  |g PSBO 
801 2 |a RU  |b 63413507  |c 20141118  |g PSBO 
942 |c BK